|
|
|
|
| LEADER |
00000naa2a2200000 4500 |
| 001 |
395005 |
| 005 |
20231101064550.0 |
| 035 |
|
|
|a (RuTPU)RU\TPU\prd\32080
|
| 090 |
|
|
|a 395005
|
| 100 |
|
|
|a 20050126a2004 k y0rusy50 ca
|
| 101 |
0 |
|
|a rus
|
| 102 |
|
|
|a RU
|
| 200 |
1 |
|
|a Зерновой состав шлифовальных материалов
|
| 225 |
1 |
|
|a Металлорежущие инструменты
|
| 461 |
|
1 |
|0 (RuTPU)RU\TPU\prd\1723
|x 0203-347X
|t Справочник. Инженерный журнал
|o научно-технический и производственный журнал
|d 2000-
|
| 463 |
|
1 |
|0 (RuTPU)RU\TPU\prd\26612
|t № 5
|v С. 64
|d 2004
|
| 610 |
1 |
|
|a шлифовальные материалы
|
| 610 |
1 |
|
|a зерновой состав
|
| 610 |
1 |
|
|a требования
|
| 610 |
1 |
|
|a алмазные шлифпорошки
|
| 610 |
1 |
|
|a ГОСТы
|
| 801 |
|
1 |
|a RU
|b 63413507
|c 20050126
|g PSBO
|
| 801 |
|
2 |
|a RU
|b 63413507
|c 20140116
|g RCR
|
| 942 |
|
|
|c BK
|